00386nam a22001217a 450000500170000000800410001702000150005804000130007308200250008624500830011126000590019430000110025320171208115407.0171208b xxu||||| |||| 00| 0 eng d a9698721150 cPK-LaUMT aPKAC 320.95491bPRO- aProblems and politics of federalism in Pakistan/cPervaiz Iqbal Cheema(Editor) aIslamabad:bIslamabad policy research institute,c2006 a109 p.